01308nam a2200265 4500003000800000005001700008008004100025040002600066041000800092092002600100100003100126245028100157260003700438300002900475502017500504504005100679650005000730650002800780650004000808651005200848700003100900830008100931942001301012999001701025DO-SdUA20250325093536.0 s2020 dr a|| |||| 0 |a||0|spa d aDO-SdUAbspacDO-SdUA0 aspa aMA-PPGE 0004 FCE 20201 aSánchez Moreta, Iyasiris10aFortalecimiento de responsabilidad en padres, madres y tutores en el proceso de aprendizaje de los estudiantes del grado pre-primario, Escuela Los Charcos, Distrito Educativo 02-05, San Juan Este. Año escolar 2018-2019 /cIyasiris Sánchez Moreta, Sonia de la Rosa Familia. aSan Juan Maguana :bUASD,c2020. avi, 133, [33], h. :bil. aTesis y trabajo de grado (Maestría en Procesos Pedagógicos y Gestión de la Educación Infantil)-- Universidad Autónoma de Santo Domingo, San Juan Maguana, 2020. aIncluye referencias bibliográficas y anexos. 72lemb951034aHogar y escuelaxInvestigaciones 72lemb92134aAprendizaje 72lemb910519aEducación preescolar 72lemb956434aSan Juan de la Maguana y2018-20191 aRosa Familia, Sonia de la  aTesis y disertaciones académicas (Universidad Autónoma de Santo Domingo) 2clcTn0 c12691d12691